| 000 | 03217nam0a22004451 4500 | ||
|---|---|---|---|
| 001 | RU\NLR\UK\149 | ||
| 005 | 20260408064732.0 | ||
| 035 | _a(NLR Aleph) 009797953 | ||
| 090 |
_a10163487 _c10163487 |
||
| 100 | _a20260120 rusy50 | ||
| 101 | 0 | _arus | |
| 102 | _aRU | ||
| 135 | _acrbn 001aaaba | ||
| 200 | 1 |
_a[О поступании с теми, кои, в противность высочайшего указа, станут держать малороссиян неволею, и крепить их в холопство, как с явными преступниками и ослушниками указов] _g[Указ Елизаветы Петровны от 3 июля 1742 г.] |
|
| 210 |
_aПечатан в Москве _cПри Сенате _d5 июля 1742 |
||
| 215 |
_a[1] л. _d2° |
||
| 304 | _aТекст начинается словами: Божиею милостию мы Елисавет Первая, императрица и самодержица всероссииская, и прочая, и прочая, и прочая. Хотя указом нашим из Сената в 21 день прошедшаго маия сего 1742 года публикованным запрещено, маророссиан неволею держать всякаго чина людем... | ||
| 304 | _aНазв. указа дано по ПСЗ. | ||
| 304 | _aСлева от М.П.: Подлиннои за подписанием ея императорскаго величества собственныя руки, июля 3 дня, 1742 года. | ||
| 306 | _aВых дан. указаны справа от М.П. | ||
| 321 | 1 | _aПСЗ. Т.11. 8578 | |
| 325 | _aКопия доступна в Электрон. б-ке РНБ http://vivaldi.nlr.ru/lk000001717/view | ||
| 517 | 1 | _aБожиею милостию мы Елисавет Первая, императрица и самодержица всероссииская, и прочая, и прочая, и прочая. Хотя указом нашим из Сената в 21 день прошедшаго маия сего 1742 года публикованным запрещено, маророссиан неволею держать всякаго чина людем... | |
| 620 | _dМосква | ||
| 702 | 0 |
_4720 _8rus _7ca _aЕлизавета Петровна _cимператрица российская _f1709-1762 _3RU\NLR\AUTH\778655 _9118551 |
|
| 710 | 0 | 1 |
_aРоссия _bИмператрица _c1741-1762; Елизавета Петровна _3RU\NLR\AUTH\8810042736 _9584915 |
| 712 | 0 | 2 |
_aСенатская типография _cМосква _4610 |
| 801 | 0 |
_aRU _bNLR _c20030129 |
|
| 852 |
_aNLR _j18.14.1.35-1/65 |
||
| 856 | 0 | _uhttp://vivaldi.nlr.ru/lk000001717/view | |
| 856 | 1 | _uhttp://vivaldi.nlr.ru/lk000001717/cover | |
| 856 | 2 | _uhttp://vivaldi.nlr.ru/lk000001717/text | |
| 942 | _cBOOK | ||
| 980 | _aNB | ||
| 980 | _aA1XVIIIv | ||
| 980 | _aA1UKAZ | ||
| 981 | 3 | 6 | _a(36) Цифровой репозиторий РНБ |
| 981 | 1 | 6 | _a(16) Законодательные акты Российской империи |